Trouve les jeux vidéos avec mes résumés foireux - Statistiques

Statistiques générales
  • Ce quiz a été pris 95 fois
  • Le résultat moyen est 5 sur 11
Statistiques - réponses
Hint Réponse % Correct
Vu que c’est ok de jouer au foot avec des voitures Rocket League
78%
Un jeu où tu peux jouer des joueurs de foots mais mskn ils avaient pas le droit des vrais noms a une époque PES
65%
Dans un vaisseau, y’a 10 gars qui font leurs vies et certains ont pour occupation de buter leurs potes Among Us
64%
Dans ce jeu, tu peux jouer trois persos : un mec à la retraite, un mec qui kiffe arnaquer les gens ou un gros psychopathe Gta V
60%
Un mec qui a perdu sa gosse se lie d’amitié avec une autre gosse, et le but c’est qu’ils meurent pas eux aussi The last of us
60%
Un mec qui essaie de sauver une meuf et un royaume, mais on connaît + le nom de la meuf que lui The legend of Zelda
53%
Comme dans Koh Lanta à la fin il en restera qu’un mais la le combat peut se jouer entre Kim Kardashian et Bob l’Eponge Fortnite
42%
Tu peux faire du canoë kayak avec un hérisson Mario et Sonic aux Jeux Olympiques
29%
Vu qu’on a plus droit de dire grand chose sur Terre, des mecs se disent que c’est une bonne idée de construire une ville sous l’eau, et que c’est ok de détruire de la matière sous la mer vu que ça leur donne des pouvoirs Bioshock
21%
Un jeu où un mec doit récup sa meuf qui vient de se faire kidnapper par un sorte de torture dino lors d’une soirée Super Mario Galaxy
13%
Un mec veut retrouver sa femme disparue depuis qu’elle lui a envoyé une lettre par la Poste Silent Hill 2
10%
Aucun quiz correspondant
Distribution des résultats
% des personnes avec chaque résultat
Percentile par nombre de réponses
Votre historique - résultats
Vous n’avez pas pris ce quiz